Režim hladín podzemných vôd po uvedení VD Gabčíkovo Podľa výsledkov merania SHMÚ

Sledovanie kolísania hladín a hodnotenie ich zmien na území Vodného diela Gabčíkovo robí Slovenský hydrometeorologický ústav (SHMÚ) v rámci Monitoringu prírodného prostredia. Uvedenie vodného diela spôsobilo výrazné zásahy do dovtedajšieho režimu hladín podzemných vôd. Najvýraznejšie zmeny však boli...

Ausführliche Beschreibung

Gespeichert in:
Bibliographische Detailangaben
1. Verfasser: Chalupka, J.
Format: Buchkapitel
Sprache:Slowakisch
Schlagworte:
Tags: Tag hinzufügen
Keine Tags, Fügen Sie das erste Tag hinzu!

MARC

LEADER 00000naa a2200000 4500
001 r024536
005 20221205091525.0
041 0 |a slo 
044 |a SK 
245 1 0 |a Režim hladín podzemných vôd po uvedení VD Gabčíkovo  |b Podľa výsledkov merania SHMÚ  |c J. Chalupka 
520 |a Sledovanie kolísania hladín a hodnotenie ich zmien na území Vodného diela Gabčíkovo robí Slovenský hydrometeorologický ústav (SHMÚ) v rámci Monitoringu prírodného prostredia. Uvedenie vodného diela spôsobilo výrazné zásahy do dovtedajšieho režimu hladín podzemných vôd. Najvýraznejšie zmeny však boli v prvom roku po napustení VD Gabčíkovo. 
610 2 0 |a diela vodné 
610 2 0 |a Vodné dielo Gabčíkovo 
610 2 0 |a Gabčíkovo 
610 2 0 |a Dunaj 
610 2 0 |a toky vodné 
610 2 0 |a voda podzemná 
610 2 0 |a prostredie prírodné 
100 1 |a Chalupka, J.